LEADER 01066cam0-22003611i-450- 001 990004942830403321 005 20050906120151.0 035 $a000494283 035 $aFED01000494283 035 $a(Aleph)000494283FED01 035 $a000494283 100 $a19990604d1947----km-y0itay50------ba 101 0 $afre 102 $aBE 105 $ay-------001yy 200 1 $aQu'est-ce que la féodalité?$fF.L. Ganshof 205 $a2. ed. 210 $aNeuchâtel$cÉditions de la Baconnière$d1947 215 $a206 p.$d20 cm 676 $a940.14$v20$zita 676 $a321.3$v21$zita 700 1$aGanshof,$bFrançois Louis$f<1895-1980>$0412759 801 0$aIT$bUNINA$gRICA$2UNIMARC 901 $aBK 912 $a990004942830403321 952 $aXXI B 112$b29216$fFGBC 952 $a321.3 GAN 1 (2.ED. TER)$bFil. Mod. 4191$fFLFBC 952 $a321.3 GAN 1 (2.ed.)$bST. MED. MOD. 3485$fFLFBC 952 $a321.3 GAN 1 (2.ed. BIS)$bbibl.22192$fFLFBC 959 $aFGBC 959 $aFLFBC 996 $aQu'est-ce que la féodalité$913489 997 $aUNINA